| 000 | 00712nam a2200217 a 4500 | ||
|---|---|---|---|
| 001 | 17960 | ||
| 003 | CO-ViMGA | ||
| 008 | 141112s2004 ck r 000 u spa d | ||
| 020 | _a9581500367 | ||
| 040 |
_aCO-ViMGA _bspa _cCO-ViMGA |
||
| 082 | 0 | 4 | _a634.651 R833m |
| 100 | 1 |
_aSena - Colombia ; Natural Resources Institute, _925429 |
|
| 110 |
_aRueda Mantilla, Samuel Gustavo _925430 |
||
| 245 | 1 | 0 | _aManejo post - cosecha y comercialización de la Papaya |
| 260 |
_aArmenia (Colombia), _cSena, _c1999 |
||
| 490 | _aPaquetes de capacitación | ||
| 590 | _aForma de adquisición : Premio - Mincultura | ||
| 650 | 1 | 4 |
_aPAPAYA - MANEJO POST - COSECHA _925431 |
| 650 | 1 | 4 |
_aPAPAYA - MERCADEO _925432 |
| 942 |
_2ddc _cBK |
||
| 999 |
_c27355 _d27355 |
||